000 01071cam a22002775a 4500
001 18114037
005 20151117124112.0
008 140412t2014 maua frbd 001 0 eng d
020 _a9780124199842 (paperback)
040 _aDLC
_beng
_cDLC
_dDLC
_dEG-ScBUE
082 0 4 _a658.40380285
_222
_bDES
100 1 _aDesfray, Philippe.
_938766
245 1 0 _aModeling enterprise architecture with TOGAF :
_ba practical guide using UML and BPMN /
_cPhilippe Desfray, Gilbert Raymond.
246 3 _aModeling engerprise architecture with The Open Group Architecture Framework
260 _aWaltham :
_bMorgan Kaufmann / Elsevier,
_cc.2014.
300 _axvi, 288 p. :
_bill. ;
_c23 cm.
500 _aGlossary : p. 277-280.
500 _aIndex : p. 283-288.
504 _aBibliography : p. 281.
650 0 _aComputer network architectures
_xComputer simulation.
_2BUEsh
650 0 _aWorkflow
_xManagement
_xComputer simulation.
_2BUEsh
650 0 _aUML (Computer science)
_2BUEsh
653 _bCOMSCI
_cAugust2015
_cNovember2015
700 1 _aRaymond, Gilbert.
942 _2ddc
999 _c20553
_d20525